000 00673nam a2200253Ia 4500
003 OSt
005 20220924125950.0
006 a|||||r|||| 00| 0
007 ta
008 220923b |||||||| |||| 00| 0 per d
024 _a330357
037 _cTextual
040 _aARTS
_cARTS
_bper
041 _2per
_aper
082 _aT:(Q7), 164L1
100 _aMadari Ali Shariyat Au.
_9199286
245 0 _aTaleem-o-tarbiyat
260 _aTehran
_bKhiyaban Iran
_c1971
300 _a196p.
_ccm.
650 _a PERSIAN LANGUAGE
650 _aEDUCATION
942 _hT:(Q7), 164L1
_cTEXL
_2CC
999 _c423783
_d423783